[Event "Sardinia World Open A"]
[Site "Orosei ITA"]
[Date "2025.05.02"]
[Round "8.30"]
[White "Hu, Jiani"]
[Black "Brunello, Marina"]
[Result "0-1"]
[WhiteTitle "WFM"]
[BlackTitle "IM"]
[WhiteElo "2091"]
[BlackElo "2325"]
[WhiteFideId "8610312"]
[BlackFideId "822590"]
[EventDate "2025.04.27"]

1. d4 Nf6 2. c4 e6 3. g3 d5 4. Bg2 Bb4+ 5. Nd2 O-O 6. Nf3 dxc4 7. a3 Bxd2+ 8.
Bxd2 Nc6 9. e3 Rb8 10. O-O b5 11. Qc2 Bb7 12. Rfd1 Ne7 13. Bb4 Be4 14. Qe2 Ra8
15. Ne5 Bxg2 16. Kxg2 Nfd5 17. Bc5 f6 18. Nf3 Qd7 19. a4 a6 20. a5 f5 21. Ne5
Qc8 22. f3 Re8 23. e4 Nf6 24. Qc2 Ng6 25. Nxg6 hxg6 26. Re1 Nd7 27. b3 cxb3 28.
Qxb3 Nf6 29. Re2 Qd7 30. Rae1 fxe4 31. fxe4 Kh7 32. Kg1 e5 33. d5 c6 34. Rd1
Rac8 35. d6 Qg4 36. Qe3 Nd7 37. h3 Qe6 38. Rc2 Rf8 39. Kg2 Rf7 40. Bb4 c5 41.
Rd5 c4 42. Qg5 Rcf8 43. Bc3 Qf6 44. Qxf6 gxf6 45. g4 g5 46. Kg3 Kg6 47. Rf2 Rc8
48. Bb4 Rh7 49. Rd1 Kf7 50. Rh2 Ke6 51. h4 gxh4+ 52. Rxh4 Rxh4 53. Kxh4 c3 54.
g5 fxg5+ 55. Kxg5 c2 56. Rc1 Rc4 57. Ba3 b4 58. Bb2 Nc5 59. Rf1 Nxe4+ 60. Kg6
Nxd6 0-1

[Event "Sardinia World Open A"]
[Site "Orosei ITA"]
[Date "2025.05.02"]
[Round "8.31"]
[White "Petcu, Gabriel"]
[Black "Sitbon, Itay"]
[Result "0-1"]
[WhiteElo "2063"]
[BlackElo "2177"]
[WhiteFideId "28548485"]
[BlackFideId "2820706"]
[EventDate "2025.04.27"]

1. e4 e6 2. d4 a6 3. Nc3 d5 4. Bd3 Bb4 5. e5 c5 6. a3 Bxc3+ 7. bxc3 Qa5 8. Bd2
c4 9. Be2 Bd7 10. h4 Ba4 11. Nh3 Nc6 12. Nf4 O-O-O 13. Rh3 Nge7 14. Nh5 g6 15.
Nf6 h5 16. Kf1 Nf5 17. Rb1 Qc7 18. Bg5 Nce7 19. Qc1 Kb8 20. f3 Qa5 21. g4 Qxc3
22. gxf5 Nxf5 23. Bd2 Qxc2 24. Ba5 Nxd4 25. Qxc2 Bxc2 26. Rb2 Bf5 27. Rh1 Nc6
28. Bxd8 Rxd8 29. f4 Ka7 30. Kf2 c3 31. Rb3 d4 32. Bf3 Bc2 33. Bxc6 bxc6 34. Rb4
c5 35. Rc4 Kb6 36. Rc1 Bd3 37. R4xc3 dxc3 38. Rxc3 c4 39. Nh7 Kc5 40. Ng5 Kd4
41. Rc1 Rb8 42. Nf3+ Ke4 43. Kg3 Kd5 44. Ng5 Rb3 45. Kf2 Rxa3 46. Nxf7 a5 47.
Nd6 Ra2+ 48. Kf3 Kc5 49. Nb7+ Kb4 50. Nd8 Bf5 51. Nc6+ Kc5 52. Nd8 a4 53. Nb7+
Kb4 54. Ke3 Ra3+ 55. Kf2 Rc3 56. Ra1 a3 57. Nd6 Rc2+ 58. Ke3 a2 59. Kd4 Rd2+ 60.
Ke3 Rb2 61. Kd4 c3 62. Nc4 Bb1 63. f5 Rd2+ 64. Ke3 Kxc4 65. fxe6 Rd8 0-1

[Event "Sardinia World Open A"]
[Site "Orosei ITA"]
[Date "2025.05.02"]
[Round "8.32"]
[White "Rubinshtein, Kamilla"]
[Black "Panjer, Sidney"]
[Result "0-1"]
[WhiteElo "2058"]
[BlackElo "2172"]
[WhiteFideId "2838708"]
[BlackFideId "16207041"]
[EventDate "2025.04.27"]

1. e4 c5 2. Nf3 Nc6 3. Bb5 g6 4. Bxc6 dxc6 5. d3 Bg7 6. a4 a5 7. O-O Qc7 8. Qe2
Nf6 9. Nc3 e5 10. Be3 b6 11. Nd2 Nh5 12. Nc4 Be6 13. Rae1 h6 14. Kh1 O-O 15. h3
Rab8 16. Nd2 Qe7 17. g4 Nf4 18. Bxf4 exf4 19. Kh2 h5 20. f3 Bd4 21. Qg2 Kg7 22.
Nd1 Rh8 23. g5 Rbd8 24. h4 Be5 25. Nc3 c4 26. Nxc4 Bxc4 27. dxc4 Qb4 28. Rb1
Qxc4 29. Rfd1 Bxc3 30. bxc3 Qxc3 31. Rb3 Qc4 32. Rbd3 Rxd3 33. Rxd3 Qxa4 34. Qd2
Qc4 35. Qxf4 Re8 36. Qf6+ Kg8 37. Rd2 a4 38. Kg3 a3 39. Rd8 Rxd8 40. Qxd8+ Kh7
41. Qf6 a2 42. Kf4 b5 43. Kg3 b4 44. Kf4 c5 45. Kg3 Qe6 46. Qb2 Qa6 47. Qa1 c4
48. e5 b3 49. cxb3 cxb3 0-1

[Event "Sardinia World Open A"]
[Site "Orosei ITA"]
[Date "2025.05.02"]
[Round "8.33"]
[White "Gagliardi, Cristian"]
[Black "Pranava Ravikumar"]
[Result "1-0"]
[WhiteElo "2165"]
[BlackElo "2016"]
[WhiteFideId "810665"]
[BlackFideId "25674196"]
[EventDate "2025.04.27"]

1. e4 c5 2. Nc3 Nc6 3. Bb5 Nd4 4. Bc4 e6 5. Nge2 Qc7 6. d3 Nxe2 7. Qxe2 a6 8. a4
Ne7 9. O-O d6 10. f4 Bd7 11. f5 O-O-O 12. fxe6 fxe6 13. Bg5 Re8 14. Rf2 Nc6 15.
Raf1 Ne5 16. Bb3 h6 17. Bf4 Nc6 18. Ba2 Be7 19. Nd1 Bh4 20. g3 Be7 21. c3 h5 22.
Be3 e5 23. Qd2 Bh3 24. Re1 Qd8 25. Bf7 Ref8 26. Bg6 h4 27. Rxf8 Qxf8 28. Nf2 Qf6
29. Nxh3 Qxg6 30. Qg2 hxg3 31. hxg3 Qe6 32. Kh2 Qb3 33. Ra1 Rf8 34. Qe2 Kb8 35.
Kg2 Qe6 36. c4 Rh8 37. Rh1 Nb4 38. Bd2 Nc6 39. Bc3 Bf6 40. Nf2 Rxh1 41. Kxh1 Qe8
42. b3 Qg6 43. Kg2 Kc7 44. Nd1 Bg5 45. Qg4 Qh6 46. Qe2 Qf6 47. Nf2 Qh6 48. Ng4
Qe6 49. Qf3 Kb6 50. Nh2 Qh6 51. Qe2 Bc1 52. Nf3 Qh5 53. Qe1 Ba3 54. Qe2 Bb4 55.
Bb2 Na5 56. Qc2 Qg4 57. Bc1 Kc7 58. Nh2 Qh5 59. Nf1 Nc6 60. Bb2 Ne7 61. Ne3 Kd7
62. Qf2 Ke8 63. Qf3 Qxf3+ 64. Kxf3 Bd2 65. Nf5 Nxf5 66. exf5 Kd7 67. Ke2 Bg5 68.
Bc3 b6 69. Kf3 a5 70. Kg4 Be3 71. Kh5 Ke7 72. Kg6 Kf8 73. g4 Bf2 74. Bd2 Bg3 75.
Bg5 d5 76. cxd5 b5 77. axb5 c4 78. dxc4 e4 79. Be3 Be5 80. c5 Ke7 81. g5 Kf8 82.
f6 Kg8 83. c6 Bd6 84. b6 a4 85. c7 axb3 86. c8=R+ Bf8 87. f7+ 1-0

[Event "Sardinia World Open A"]
[Site "Orosei ITA"]
[Date "2025.05.02"]
[Round "8.35"]
[White "Felix, Raphael"]
[Black "Voiteanu, Gabriel"]
[Result "1/2-1/2"]
[WhiteTitle "CM"]
[BlackTitle "FM"]
[WhiteElo "2038"]
[BlackElo "2143"]
[WhiteFideId "14339544"]
[BlackFideId "1208810"]
[EventDate "2025.04.27"]

1. e4 e5 2. Nf3 Nc6 3. Bc4 Bc5 4. c3 Nf6 5. d3 d6 6. O-O Bg4 7. Nbd2 Qd7 8. a4
a5 9. Re1 Bb6 10. Nf1 Ne7 11. Be3 Bxe3 12. Nxe3 O-O 13. d4 Ng6 14. h3 Bxf3 15.
Qxf3 Nf4 16. b3 Ne6 17. dxe5 dxe5 18. Nd5 Nxd5 19. exd5 Ng5 20. Qe3 f6 21. d6+
Nf7 22. dxc7 Qxc7 23. Rad1 Kh8 24. Bxf7 Qxf7 25. c4 Qc7 26. Rd5 Rfd8 27. Red1
Kg8 28. Qd3 Rxd5 29. Qxd5+ Kf8 30. Qd7 Qc6 31. Rd6 Qe4 32. Rd1 h5 33. Qc7 Qc2
34. Qc5+ Kg8 35. Qd5+ Kh7 36. Qf3 Kg8 37. Rd7 Rb8 38. Qxh5 Qc1+ 39. Qd1 Qxd1+
40. Rxd1 Kh7 41. Rd5 Ra8 42. Rd7 Rb8 43. Kf1 Kg6 44. Ke2 b6 45. Ke3 f5 46. Rd5
Re8 47. Rd6+ Kg5 48. Rxb6 e4 49. Rb5 Rd8 50. g3 Rd3+ 51. Ke2 Rc3 52. c5 Rc2+ 53.
Ke1 Rc3 54. c6 Rxc6 55. Rxa5 Rc2 56. Rb5 Kf6 57. a5 g5 58. Rb4 Ke5 59. a6 Rc7
60. Ra4 Ra7 61. b4 Kd4 62. h4 gxh4 63. gxh4 f4 64. b5+ Kc5 65. b6 Kxb6 66. Rxe4
Rf7 67. Ra4 Ka7 68. Ke2 f3+ 69. Ke3 Rf8 70. Rf4 Rh8 71. Kxf3 Kxa6 72. Rd4 Kb5
73. Kg3 Kc5 74. Rd2 Rg8+ 75. Kh3 Rh8 76. f4 Rf8 77. Kg3 Rg8+ 78. Kf3 Rh8 79. Ke4
Re8+ 80. Kf5 Rf8+ 81. Kg5 Rg8+ 82. Kh6 Rf8 83. h5 Rxf4 84. Rg2 Kd6 85. Kg7 Ke7
86. Re2+ Kd7 87. h6 Rg4+ 88. Kf6 Rh4 89. Kg5 Rh1 90. Kg6 Rg1+ 91. Kh7 Rg3 92.
Kh8 Rg6 93. Kh7 Rg1 94. Ra2 Ke7 95. Ra7+ Kf8 96. Rg7 Rh1 97. Rg4 Kf7 98. Rf4+
Ke7 99. Rf5 Rh2 100. Rg5 Kf7 101. Rg3 Rh1 102. Rf3+ Ke7 103. Kg7 Rg1+ 104. Kh8
Rg6 105. h7 Rg1 106. Ra3 Kf7 107. Ra8 Rg2 108. Rg8 Ra2 109. Rg7+ Kf6 110. Rg1
Ra8+ 111. Rg8 Ra2 112. Rf8+ Ke7 113. Rf5 Rg2 114. Rf1 Rg3 115. Ra1 Rg2 116. Ra7+
Kf8 117. Ra8+ Kf7 118. Rg8 Ra2 119. Rg7+ Kf6 120. Rg2 Ke5 1/2-1/2

[Event "Sardinia World Open A"]
[Site "Orosei ITA"]
[Date "2025.05.02"]
[Round "8.36"]
[White "Marzano, Carlo"]
[Black "Catanzaro, Claudio"]
[Result "1/2-1/2"]
[WhiteElo "2131"]
[BlackElo "1973"]
[WhiteFideId "802980"]
[BlackFideId "28552024"]
[EventDate "2025.04.27"]

1. d4 Nf6 2. c4 e6 3. Nf3 b6 4. a3 Bb7 5. Nc3 d5 6. Qa4+ Qd7 7. Qxd7+ Nbxd7 8.
Nb5 Bd6 9. cxd5 Bxd5 10. Nd2 a6 11. Nxd6+ cxd6 12. f3 Ke7 13. e4 Bb7 14. b4 Rhc8
15. Bd3 a5 16. Rb1 axb4 17. axb4 Ba6 18. b5 Bb7 19. Bb2 Ra2 20. O-O e5 21. Nb3
exd4 22. Nxd4 g6 23. Rf2 Raa8 24. Bf1 Nc5 25. Rc1 Nfd7 26. Rd2 Ne5 27. h4 h5 28.
Kh2 Na4 29. Rxc8 Rxc8 30. Ba3 Nc5 31. Nc2 Ra8 32. Bb4 Ra4 33. Bc3 Ra2 34. Ne3
Rxd2 35. Bxd2 Ke6 36. Kg3 Bxe4 37. Kf4 Bd3 38. Bxd3 Nexd3+ 39. Kg5 d5 40. Bc3
Ne5 41. Bd4 Ned7 1/2-1/2

[Event "Sardinia World Open A"]
[Site "Orosei ITA"]
[Date "2025.05.02"]
[Round "8.37"]
[White "Vihaan Karthikeya N"]
[Black "Ciobanu, Camelia-Adriana"]
[Result "1/2-1/2"]
[BlackTitle "WIM"]
[WhiteElo "2025"]
[BlackElo "2115"]
[WhiteFideId "25950673"]
[BlackFideId "1209477"]
[EventDate "2025.04.27"]

1. d4 Nf6 2. c4 c5 3. d5 b5 4. Qc2 bxc4 5. e4 e6 6. Bxc4 exd5 7. exd5 d6 8. Nc3
Be7 9. Nge2 O-O 10. O-O Nbd7 11. Rd1 Nb6 12. Bd3 Bb7 13. Nf4 h6 14. h3 g5 15.
Nfe2 Nbxd5 16. f4 Nb4 17. Qd2 Qb6 18. Bc4 d5 19. fxg5 Nh5 20. Bxd5 Nxd5 21. Nxd5
Bxd5 22. Nc3 c4+ 23. Kh1 Bb7 24. gxh6 Rad8 25. Qe3 Rxd1+ 26. Nxd1 Qg6 27. Qf2
Bh4 28. Qd2 Rd8 29. h7+ Kh8 30. Ne3 Rxd2 31. Bxd2 Nf4 32. Bc3+ Kxh7 33. Ng4
Bxg2+ 34. Kh2 Bxh3 35. Nf6+ Bxf6 36. Rg1 Qc2+ 37. Kg3 Ne2+ 38. Kxh3 Nxg1+ 39.
Kg3 Bxc3 40. bxc3 Qxc3+ 41. Kf2 Nh3+ 42. Kf1 Qd2 43. a4 a6 44. a5 Qf2# 1/2-1/2

[Event "Sardinia World Open A"]
[Site "Orosei ITA"]
[Date "2025.05.02"]
[Round "8.38"]
[White "Pecci, William"]
[Black "Destic, Elena"]
[Result "0-1"]
[WhiteElo "2105"]
[BlackElo "1939"]
[WhiteFideId "2831940"]
[BlackFideId "36001988"]
[EventDate "2025.04.27"]

1. e4 c6 2. d4 d5 3. exd5 cxd5 4. Bd3 Nc6 5. c3 Nf6 6. Bf4 Bg4 7. Qb3 Qd7 8. Nd2
e6 9. Ngf3 Bd6 10. Bxd6 Qxd6 11. O-O O-O 12. Rae1 Bxf3 13. Nxf3 a6 14. Ne5 Na5
15. Qd1 b5 16. f4 Nc4 17. Qe2 Rac8 18. Rf3 Ne4 19. Nxc4 bxc4 20. Bxe4 dxe4 21.
Qxe4 Rb8 22. Rf2 Rb5 23. Ree2 Rfb8 24. f5 exf5 25. Rxf5 Rxb2 26. Rxb2 Rxb2 27.
Qa8+ Rb8 28. Rd5 Qb6 0-1

[Event "Sardinia World Open A"]
[Site "Orosei ITA"]
[Date "2025.05.02"]
[Round "8.39"]
[White "Deboushnik De"]
[Black "Berikkyzy Alanna"]
[Result "1-0"]
[BlackTitle "WFM"]
[WhiteElo "2038"]
[BlackElo "2103"]
[WhiteFideId "25768778"]
[BlackFideId "13780719"]
[EventDate "2025.04.27"]

1. d4 Nf6 2. c4 e6 3. Nc3 Bb4 4. a3 Bxc3+ 5. bxc3 b6 6. f3 Nc6 7. e4 Na5 8. Bd3
Ba6 9. Qe2 d6 10. f4 Qe7 11. Nf3 Nd7 12. Rb1 c5 13. O-O e5 14. fxe5 dxe5 15. d5
O-O-O 16. Nd2 f6 17. a4 Bb7 18. Ba3 Kb8 19. Bb4 Qd6 20. Bxa5 bxa5 21. Nb3 Qc7
22. Qb2 Ka8 23. Nxa5 Rb8 24. Nb3 Ba6 25. a5 Rhc8 26. Qa3 Nf8 27. Rb2 Qd6 28.
Rfb1 Ng6 29. Bf1 Ne7 30. Nd2 Rxb2 31. Rxb2 f5 32. Qa1 Qh6 33. Qe1 f4 34. Nf3 Qd6
35. h4 h6 36. h5 g5 37. hxg6 Nxg6 38. Nh4 Nxh4 39. Qxh4 Rg8 40. Qh5 Bc8 41. Qf7
Rf8 42. Qg7 Rd8 43. Be2 Rd7 44. Qg8 Rd8 45. Qf7 Rf8 46. Qg7 Ba6 47. Bg4 Rd8 48.
Rb1 h5 49. Bxh5 Rb8 50. Rxb8+ Qxb8 51. Bg4 Bxc4 52. Bd7 Bb5 53. Bxb5 Qxb5 54.
Qxe5 Qb1+ 55. Kh2 Qe1 56. Qxf4 Qxc3 57. e5 Qd3 58. Qf3 Qh7+ 59. Qh3 Qg8 60. d6
Kb7 61. e6 Qg5 62. Qf3+ Ka6 63. Qd3+ Kxa5 64. d7 Qh4+ 65. Kg1 Qe1+ 66. Kh2 Qh4+
67. Qh3 Qf4+ 68. g3 Qd2+ 69. Qg2 Qh6+ 70. Kg1 Qc1+ 71. Qf1 Qe3+ 72. Qf2 Qc1+ 73.
Kg2 Qd1 74. Qxc5+ Ka4 75. Qxa7+ Kb3 76. Qb8+ Ka2 77. Qa8+ Kb2 78. Qf3 Qd6 79.
Qf6+ Kb1 80. d8=Q Qc6+ 81. Qf3 Qc2+ 82. Kh3 Qh7+ 83. Qh4 Qg8 1-0

[Event "Sardinia World Open A"]
[Site "Orosei ITA"]
[Date "2025.05.03"]
[Round "9.1"]
[White "Yoo, Christopher Woojin"]
[Black "Narayanan, S.L."]
[Result "1/2-1/2"]
[WhiteTitle "GM"]
[BlackTitle "GM"]
[WhiteElo "2588"]
[BlackElo "2601"]
[WhiteFideId "30909694"]
[BlackFideId "5058422"]
[EventDate "2025.04.27"]

1. e4 e5 2. Nf3 Nc6 3. Bb5 a6 4. Ba4 Nf6 5. O-O Be7 6. Re1 b5 7. Bb3 O-O 8. c3
d5 9. exd5 Nxd5 10. Nxe5 Nxe5 11. Rxe5 c6 12. d3 Bd6 13. Re1 Bf5 14. Nd2 Nf4 15.
Ne4 Nxd3 16. Bg5 Qd7 17. Nxd6 Qxd6 18. Re3 Rae8 19. Bc2 Rxe3 1/2-1/2

[Event "Sardinia World Open A"]
[Site "Orosei ITA"]
[Date "2025.05.03"]
[Round "9.2"]
[White "Travadon, Loic"]
[Black "Lodici, Lorenzo"]
[Result "0-1"]
[WhiteTitle "IM"]
[BlackTitle "GM"]
[WhiteElo "2451"]
[BlackElo "2570"]
[WhiteFideId "26092131"]
[BlackFideId "884189"]
[EventDate "2025.04.27"]

1. e4 c5 2. Nf3 d6 3. d4 cxd4 4. Nxd4 Nf6 5. Bb5+ Bd7 6. c4 e5 7. Nf5 Nc6 8. Bg5
Qa5+ 9. Bd2 Qc7 10. Nc3 Nxe4 11. Nxg7+ Bxg7 12. Nxe4 O-O 13. Be3 Nd4 14. Bxd7
Qxd7 15. O-O Rac8 16. Rc1 d5 17. cxd5 Rxc1 18. Bxc1 Qxd5 19. Nc3 Qc6 20. Be3 b5
21. Ne2 Rd8 22. Bxd4 exd4 23. Qd3 Qc4 24. Nf4 Qxa2 25. Qxb5 d3 26. Nxd3 a6 27.
Qf5 h6 28. g3 Qb3 29. Nf4 Qxb2 30. Nh5 Bh8 31. Re1 Bd4 32. Re4 Qc1+ 33. Kg2 Qc6
34. f3 Rd5 35. Re8+ Qxe8 36. Qxd5 Qe2+ 37. Kh3 Qe6+ 38. Qxe6 fxe6 39. Nf4 Kf7
40. Kg4 a5 41. Nd3 a4 42. Kf4 Ke7 43. Ke4 Bg1 44. h3 a3 45. Nc1 Kd6 46. Kd3 Bf2
47. Kc4 Bxg3 48. Kb3 Kd5 49. Kxa3 Bd6+ 50. Kb3 Kd4 51. Kc2 Ke3 52. Nb3 e5 53.
Nd2 Bc7 54. Ne4 Kxf3 55. Kd3 h5 56. Ng5+ Kg3 57. Ke2 h4 58. Kf1 Bb6 59. Ke2 Bd8
60. Ne4+ Kg2 61. Nf2 Bg5 62. Ne4 Bf4 63. Nf2 Bg3 64. Ne4 Kxh3 65. Kf3 Kh2 66.
Ng5 Be1 67. Ke2 Ba5 68. Kf2 Bb6+ 69. Kf3 Bd8 70. Ne4 h3 71. Kf2 Bb6+ 72. Kf1 Bd4 0-1

[Event "Sardinia World Open A"]
[Site "Orosei ITA"]
[Date "2025.05.03"]
[Round "9.3"]
[White "Amar, Elham"]
[Black "Dardha, Daniel"]
[Result "1/2-1/2"]
[WhiteTitle "GM"]
[BlackTitle "GM"]
[WhiteElo "2546"]
[BlackElo "2650"]
[WhiteFideId "1533533"]
[BlackFideId "240990"]
[EventDate "2025.04.27"]

1. e4 c5 2. Nf3 Nc6 3. Bb5 e6 4. O-O Nge7 5. d4 cxd4 6. Nxd4 Qb6 7. Nxc6 bxc6 8.
Be2 Ng6 9. c4 Be7 10. Nc3 O-O 11. Rb1 c5 12. f4 d6 13. Be3 Qc7 14. Bd3 Bf6 15.
Qh5 Ba6 16. Rf3 Bd4 17. Bxd4 cxd4 18. Ne2 Qc5 19. f5 Rfe8 20. Rh3 Nf8 21. Rf1
exf5 22. Qxf5 Qxf5 23. exf5 d5 24. b3 dxc4 25. bxc4 Nd7 26. Nxd4 Ne5 27. Nb5
Rec8 28. Rf4 Nxd3 29. Rxd3 Rxc4 30. Rxc4 Bxb5 31. Rdc3 Bxc4 32. Rxc4 h5 33. Rc5
Rb8 34. Ra5 Rb7 35. Kf2 Kh7 36. Kg3 Kh6 37. h4 Rc7 38. Ra6+ f6 39. Ra5 Rc3+ 40.
Kh2 Rc7 41. g3 g5 42. Ra6 gxh4 43. gxh4 Kg7 44. a4 Rc4 45. Kg3 Rc3+ 46. Kg2 1/2-1/2

[Event "Sardinia World Open A"]
[Site "Orosei ITA"]
[Date "2025.05.03"]
[Round "9.4"]
[White "Samunenkov, Ihor"]
[Black "Admiraal, Miguoel"]
[Result "1-0"]
[WhiteTitle "GM"]
[BlackTitle "IM"]
[WhiteElo "2572"]
[BlackElo "2454"]
[WhiteFideId "14187086"]
[BlackFideId "1019716"]
[EventDate "2025.04.27"]

1. e4 c5 2. c3 Nf6 3. e5 Nd5 4. Bc4 Nb6 5. Bb3 c4 6. Bc2 Nc6 7. Nf3 d6 8. exd6
Qxd6 9. O-O Bg4 10. Re1 O-O-O 11. b3 Qf6 12. bxc4 Bxf3 13. gxf3 Ne5 14. Rxe5
Qxe5 15. d4 Qh5 16. Nd2 e5 17. c5 Nd5 18. Ne4 exd4 19. cxd4 Be7 20. Ng3 Qh4 21.
Be4 Nc3 22. Qb3 Nxe4 23. Rb1 Rd7 24. c6 Rc7 25. fxe4 Rd8 26. d5 Bc5 27. Qf3 bxc6
28. Qf5+ Rdd7 29. Bg5 g6 30. Qe5 1-0

[Event "Sardinia World Open A"]
[Site "Orosei ITA"]
[Date "2025.05.03"]
[Round "9.5"]
[White "Bettalli, Francesco"]
[Black "Mendonca, Leon Luke"]
[Result "1/2-1/2"]
[WhiteTitle "FM"]
[BlackTitle "GM"]
[WhiteElo "2355"]
[BlackElo "2643"]
[WhiteFideId "2816453"]
[BlackFideId "35028561"]
[EventDate "2025.04.27"]

1. e4 c6 2. d4 d5 3. exd5 cxd5 4. Bd3 Nc6 5. c3 e6 6. Bf4 Bd6 7. Bxd6 Qxd6 8.
Nf3 Nge7 9. O-O O-O 10. Re1 f6 11. Qe2 Bd7 12. c4 Rad8 13. Nc3 g5 14. Rad1 Rf7
15. a3 Rg7 16. Bb1 Kh8 17. g3 Ng6 18. h3 Nce7 19. Nh2 Rf8 20. cxd5 exd5 21. Qh5
Nc6 22. Ng4 Nge7 23. Qh6 Ng8 24. Qh5 Nce7 25. Nh2 f5 26. Qe2 Qh6 27. Kg2 Nf6 28.
Nf3 Ne4 29. Rh1 Qd6 30. Ne5 Be8 31. f3 Nxc3 32. bxc3 Qxa3 33. Qd2 Qd6 34. h4
gxh4 35. Rxh4 Rfg8 36. Rdh1 Rxg3+ 37. Kf1 R8g7 38. Qh2 Qa6+ 39. c4 Kg8 40. Rxh7
Kf8 41. Rh6 Qa1 42. Rf6+ Bf7 43. Rxf7+ Rxf7 44. Qxg3 Qxb1+ 45. Qe1 Qxe1+ 46.
Kxe1 Rg7 47. c5 Ng6 48. Nxg6+ Rxg6 49. Rh8+ Kf7 50. Rb8 b6 51. Rb7+ Kf6 52. cxb6
Kg5 53. bxa7 Ra6 54. Kd2 Kf4 55. Rf7 Kxf3 56. Rxf5+ Ke4 57. Rf7 Kxd4 58. Rf4+
Ke5 1/2-1/2

[Event "Sardinia World Open A"]
[Site "Orosei ITA"]
[Date "2025.05.03"]
[Round "9.6"]
[White "Kanyamarala, Tarun"]
[Black "Sokolovsky, Yahli"]
[Result "0-1"]
[WhiteTitle "IM"]
[BlackTitle "GM"]
[WhiteElo "2386"]
[BlackElo "2546"]
[WhiteFideId "45004714"]
[BlackFideId "2820242"]
[EventDate "2025.04.27"]

1. d4 Nf6 2. c4 g6 3. Nc3 Bg7 4. e4 d6 5. Nf3 O-O 6. Bd3 e5 7. d5 a5 8. a3 Bd7
9. Bc2 Qe8 10. O-O Na6 11. Rb1 a4 12. Be3 b6 13. Nd2 Nc5 14. f3 Nh5 15. g3 f5
16. exf5 gxf5 17. Qe2 Qg6 18. Kh1 Rae8 19. Qg2 Re7 20. Rbe1 Bh6 21. Bxc5 bxc5
22. Bxa4 Bc8 23. f4 Rg7 24. fxe5 dxe5 25. Rxe5 Bf4 26. Rxf4 Nxf4 27. Qf1 Nh5 28.
Qf3 Qd6 29. Qe2 Qh6 30. Kg1 Nf4 31. Qd1 Nh3+ 32. Kg2 f4 33. Nce4 fxg3 34. hxg3
Nf4+ 35. Kg1 Nh3+ 36. Kg2 Nf4+ 37. Kg1 Bg4 38. Nf3 Nh3+ 39. Kg2 Bxf3+ 40. Qxf3
Rxf3 0-1

[Event "Sardinia World Open A"]
[Site "Orosei ITA"]
[Date "2025.05.03"]
[Round "9.7"]
[White "Fromm, Marius"]
[Black "Xu, Grant"]
[Result "1-0"]
[WhiteTitle "IM"]
[BlackTitle "FM"]
[WhiteElo "2436"]
[BlackElo "2304"]
[WhiteFideId "12993190"]
[BlackFideId "2052318"]
[EventDate "2025.04.27"]

1. e4 d6 2. d4 Nf6 3. Nc3 e5 4. Nf3 Nbd7 5. Bc4 Be7 6. O-O O-O 7. a4 c6 8. Re1
b6 9. d5 cxd5 10. Nxd5 Bb7 11. b3 Nxd5 12. Bxd5 Bxd5 13. Qxd5 Nf6 14. Qd3 d5 15.
exd5 e4 16. Rxe4 Nxe4 17. Qxe4 Bf6 18. Rb1 Bc3 19. Qd3 Rc8 20. Ng5 Re8 21. Qxh7+
Kf8 22. Ba3+ Rc5 23. Qh8+ Ke7 24. Qh3 Qxd5 25. Qxc3 Qxg5 26. Bxc5+ bxc5 27. h4
Qxh4 28. Re1+ Kd7 29. Qd3+ 1-0

[Event "Sardinia World Open A"]
[Site "Orosei ITA"]
[Date "2025.05.03"]
[Round "9.8"]
[White "Moroni, Luca Jr"]
[Black "Kiolbasa, Oliwia"]
[Result "1-0"]
[WhiteTitle "GM"]
[BlackTitle "IM"]
[WhiteElo "2545"]
[BlackElo "2361"]
[WhiteFideId "865834"]
[BlackFideId "1154613"]
[EventDate "2025.04.27"]

1. c4 e6 2. Nc3 d5 3. d4 Nf6 4. cxd5 exd5 5. Bg5 c6 6. e3 h6 7. Bh4 Be7 8. Bd3
O-O 9. Nge2 Ne8 10. Bxe7 Qxe7 11. Nf4 Nd6 12. Qf3 Nd7 13. g4 Nf6 14. h3 Nde4 15.
Bxe4 Nxe4 16. Nxe4 dxe4 17. Qe2 Be6 18. a3 Rfd8 19. Rc1 Rac8 20. Qc2 Bd5 21. Qc5
Qxc5 22. Rxc5 b6 23. Rc3 c5 24. dxc5 Rxc5 25. Rxc5 bxc5 26. Nxd5 Rxd5 27. Ke2
Rd3 28. Rc1 Rb3 29. Rxc5 Rxb2+ 30. Kf1 Rb6 31. Ra5 a6 32. h4 Rg6 33. g5 hxg5 34.
hxg5 Kh7 35. a4 Re6 36. Kg2 Kg6 37. Kg3 Kh5 38. Kf4 Kg6 39. Rd5 Kh5 40. Rd4 Rg6
41. Rd5 Re6 42. Rd7 Kg6 43. Rd4 Kh5 44. Rd5 Kg6 45. a5 Kh5 46. Rf5 Re7 47. Rc5
Re6 48. Kf5 Rg6 49. Kxe4 Rxg5 50. Kd4 f5 51. f4 Rg6 52. Rxf5+ Kg4 53. Rf7 Kf3
54. e4 Rd6+ 55. Ke5 Rc6 56. Kd5 Rc2 57. e5 Ra2 58. e6 Rxa5+ 1-0

[Event "Sardinia World Open A"]
[Site "Orosei ITA"]
[Date "2025.05.03"]
[Round "9.9"]
[White "Raja, Harshit"]
[Black "Noy, Eyal"]
[Result "1/2-1/2"]
[WhiteTitle "GM"]
[BlackTitle "FM"]
[WhiteElo "2474"]
[BlackElo "2346"]
[WhiteFideId "5089000"]
[BlackFideId "2821117"]
[EventDate "2025.04.27"]

1. e4 e5 2. Nf3 Nf6 3. Nxe5 d6 4. Nf3 Nxe4 5. d4 d5 6. Bd3 Bd6 7. O-O O-O 8. c4
c6 9. Nc3 Nxc3 10. bxc3 dxc4 11. Bxc4 Bf5 12. Bg5 Qa5 13. d5 Be4 14. dxc6 Bxf3
15. Qxf3 Nxc6 16. Bd5 Ne5 17. Qd1 Ng6 18. Rb1 Bf4 19. Bxf4 Nxf4 20. Bxb7 Rae8
21. Bf3 Qxc3 22. Rb7 a5 23. Qb3 Qxb3 24. axb3 Rb8 25. Ra1 Ne2+ 26. Kf1 Nd4 27.
Rxb8 Rxb8 28. Rxa5 Nxb3 29. Rd5 Kf8 30. Bd1 Ke7 31. Ke2 Ke6 32. Rh5 h6 33. Ke3
Rb4 34. Bc2 Nd4 35. Bd3 Kf6 36. f4 Ne6 1/2-1/2

[Event "Sardinia World Open A"]
[Site "Orosei ITA"]
[Date "2025.05.03"]
[Round "9.10"]
[White "Urbani, Gabriel"]
[Black "Lumachi, Gabriele"]
[Result "0-1"]
[WhiteTitle "FM"]
[BlackTitle "IM"]
[WhiteElo "2277"]
[BlackElo "2443"]
[WhiteFideId "2830138"]
[BlackFideId "2817247"]
[EventDate "2025.04.27"]

1. e4 c5 2. Nf3 d6 3. d4 cxd4 4. Nxd4 Nf6 5. f3 Nc6 6. c4 Nxd4 7. Qxd4 g6 8. Nc3
Bg7 9. Be3 O-O 10. Qd2 Be6 11. Be2 Qa5 12. Rc1 Rfc8 13. b3 Nd7 14. Nd5 Qxd2+ 15.
Kxd2 Kf8 16. g4 a5 17. Rc2 a4 18. Rb1 axb3 19. axb3 Bxd5 20. exd5 Ra3 21. b4 b5
22. Rbc1 bxc4 23. Rxc4 Ra2+ 24. Kd1 Rxc4 25. Rxc4 Ra1+ 26. Kd2 Ra2+ 27. Ke1 f5
28. g5 Ne5 29. Rc8+ Kf7 30. b5 Rb2 31. Rc7 Rb1+ 32. Kd2 Rb2+ 33. Kd1 Rb3 34. Kd2
Rb2+ 35. Rc2 Rb4 36. f4 Nd7 37. Rc7 Rb2+ 38. Kd1 Rb1+ 39. Kd2 Rb2+ 40. Ke1 Ke8
41. Rc8+ Kf7 42. h4 Rb1+ 43. Kd2 Rb2+ 44. Rc2 Rb4 45. Rc7 Ke8 46. Rc8+ Kf7 47.
h5 Bd4 48. Rc6 Nc5 49. hxg6+ hxg6 50. Bxd4 Rxd4+ 51. Ke3 Re4+ 52. Kd2 Rxf4 53.
Kc3 Na4+ 54. Kb3 Nc5+ 55. Kc3 Rh4 56. Bc4 f4 57. b6 f3 58. Bb5 f2 59. Kd2 Rb4
60. Bf1 Rb1 61. Ke2 Ne4 62. Rc4 Ng3+ 63. Kxf2 Nxf1 64. b7 Rxb7 65. Rf4+ Ke8 66.
Kxf1 Rb3 67. Ke2 Rg3 0-1